000 01962nam0a22005051 4500
001 RU\NLR\A1SV\17449
005 20251203171251.9
035 _a(NLR Aleph) 009702570
090 _a9793062
_c9793062
100 _a19991202d1923 u y0rusy50 ca
101 1 _arus
_cger
102 _aRU
200 1 _aМеханическая технология первобытных народов
_e(К истории орудий труда)
_eС 23 рис. в тексте
_fКарл Вейлэ
_gПер. с 12 нем. изд. под ред. Е.Кавальери
210 _aМ.
_aЛ.
_cЗемля и фабрика
_d1923 (обл. 1924)
215 _a112, [2] с.
_d19 см
225 _aНауч.-попул. б-ка "Человек и вселенная"
300 _aНа об. тит. л. загл. ориг.: Die Anfänge der Naturbeherr-schung. I. Frühformen der mechanik. Von Dr. Karl Veule
451 1 _1001RU\NLR\A1SV\47092
_99902549
_aВейле, К. (1864-1926)
_cМ.
_d1925
_fКарл Вейлэ
_nЗемля и фабрика
_o(К истории орудий труда)
_p112 с.
_tМеханическая технология первобытных народов
620 _dМосква
620 _dСанкт-Петербург
700 1 _6z01790
_aВейле
_bК.
_f1864-1926
_gКарл
_4070
702 1 _aКавальери
_bЕ.
_gЕвгений
_4070
790 1 _6z01700
_aВейлэ
_bК.
_gКарл
_4070
801 0 _aRU
_bNLR
_c19991202
852 _aNLR
_j36/2319
899 _aГПИБ
899 _aСПбГУ
899 _aБАН
899 _aНБ ЧР
899 _aНБЛ КГУ
899 _aNLG
899 _aРКП
899 _aМГУ
899 _aГИМ
899 _aИОНБ
899 _aАстОНБ
899 _aРГБ
899 _aКирОУНБ
899 _aНБ РКаз.
899 _aСамОУНБ
899 _aНБ Бел.
942 _cBOOK
980 _aNB
980 _aA1SV